00866nam a2200265Ia 450000500170000000800410001702000150005808200170007310000160009024500650010625000190017130000420019050400380023253400470027065000230031770000420034070000440038294200120042626400240043833600270046233700330048933800280052204000350055099900150058520220317000710.0160601s2000 sp a g 000 0 spa  a846660071X04a567.91bH14p1 aHaines, Tim10aPaseando con dinosaurios buna historia natural cTim Haines a1a. edición  a288 páginasbilustraciones c29 cm  aIncluye bibliografía e índice tWalking with dinosaurs : a natural history142LEMBaDinosaurios  aMuñiz, Emilio G.etraductor 952882 aFondevila, Emma Rosaetraductor 952883 2ddccBK aBarcelona bBc2000 atextobtxt2rdacontent asin mediaciónbn2rdamedia avolumenbnc2rdacarrier aCO-BoRNBPbspaerdacCO-BoRNBP c4806d4806